Catálogo

Matriarcado . . . patológico : (Registro nro. 62886)

Detalles MARC
000 -LEADER
fixed length control field 00770nam a2200253 a 4500
001 - CONTROL NUMBER
control field 62886
005 - DATE AND TIME OF LATEST TRANSACTION
control field 20180714065059.0
008 - FIXED-LENGTH DATA ELEMENTS--GENERAL INFORMATION
fixed length control field 150612s1997 sp r 000 0 spa d
020 ## - INTERNATIONAL STANDARD BOOK NUMBER
International Standard Book Number 8425420245
040 ## - CATALOGING SOURCE
Description conventions rda
041 0# - LANGUAGE CODE
Language code of text/sound track or separate title spa
082 0# - DEWEY DECIMAL CLASSIFICATION NUMBER
Classification number 155.6463
Item number MUR
100 1# - MAIN ENTRY--PERSONAL NAME
Personal name Murcia-Valcárcel, Esteban,
Relator term autor
245 10 - TITLE STATEMENT
Title Matriarcado . . . patológico :
Remainder of title madres que agobian.... amando /
Statement of responsibility, etc. Esteban Murcia-Valcárcel.
250 ## - EDITION STATEMENT
Edition statement [Primera edición]
264 #1 - PRODUCTION, PUBLICATION, DISTRIBUTION, MANUFACTURE, AND COPYRIGHT NOTICE
Place of production, publication, distribution, manufacture Barcelona :
Name of producer, publisher, distributor, manufacturer Herder,
Date of production, publication, distribution, manufacture, or copyright notice 1997
300 ## - PHYSICAL DESCRIPTION
Extent 175 páginas ;
Dimensions 20 cm.
336 ## - CONTENT TYPE
Content type term texto
Source rdacontent
337 ## - MEDIA TYPE
Media type term sin mediación
Source rdamedia
338 ## - CARRIER TYPE
Carrier type term volumen
Source rdacarrier
650 #4 - SUBJECT ADDED ENTRY--TOPICAL TERM
Topical term or geographic name entry element Matriarcado
General subdivision Psicología
650 #4 - SUBJECT ADDED ENTRY--TOPICAL TERM
Topical term or geographic name entry element Madres
General subdivision Psicología
650 #4 - SUBJECT ADDED ENTRY--TOPICAL TERM
Topical term or geographic name entry element Amor maternal
Existencias
Withdrawn status Lost status Source of classification or shelving scheme Damaged status Not for loan Collection code Home library Current library Shelving location Date acquired Source of acquisition Inventory number Total Checkouts Total Renewals Full call number Barcode Date last seen Date last checked out Price effective from Koha item type
    Dewey Decimal Classification     General Biblioteca Karol Wojtyla Biblioteca Karol Wojtyla Sala general 12/06/2015 Compra 151000000000000000064089 1 1 155.6463 MUR 1997 94069 05/01/2026 02/07/2019 08/04/2017 Libro